• 首页
  • 本馆介绍
  • 公告通知
  • 最新文献
  • 馆藏检索
  • 电子资源
  • 读者导购
  • 参考咨询
  • 我的图书馆
  • 登录
  • 详细信息显示
  • 放入我的书架
  • 预约/预借图书
  • 作者相关作品
  • 分类相关作品
  • 丛书相关作品
  • 出版社相关作品

书目信息

  • 表格格式
  • 工作单格式
  • 卡片格式
题名:
中等师范学校体育教学大纲
    
 
作者: ;教育部 制订
分册:  
出版信息: 北京   人民教育出版社  1981
页数: 52页
开本: 19cm
丛书名:
单 册:
中图分类: G807.3
科图分类:
主题词: 体育-教学大纲--师范学校 , 教学大纲-体育--师范学校
电子资源:
ISBN:
000 00699nam0 2200241 45
001 0181009198
005 20060808152425.46
010    @dCNY0.13
091    @aCN@b7012.0257
100    @a19950615d1981 em y0chiy0121 ea
101 0  @achi
102    @aCN@b110000
105    @ay 000yy
200 10 @a中等师范学校体育教学大纲@Azhong deng shi fan xue xiao ti yu jiao xue da gang@e试行草案@f教育部制订
210    @a北京@c人民教育出版社@d1981
215    @a52页@d19cm
606    @a体育-教学大纲@x师范学校
606    @a教学大纲-体育@x师范学校
690    @aG807.3@v3
711 02 @a教育部@Ajiao yu bu@4制订
801  0 @aCN@bTSSF@c20060808
801  2 @aCN@bNLC@c20060803
905    @a10447@dG807.3@e163
    
    中等师范学校体育教学大纲:试行草案/教育部制订.-北京:人民教育出版社,1981
    52页;19cm
    
    
    ISBN :CNY0.13
    
●
相关链接 在E读中查询图书 在五车中查询图书 在当当中查询图书 在豆瓣中查询图书


正题名:中等师范学校体育教学大纲     索取号:G807.3/163         预约/预借

序号 登录号 条形码 馆藏地/架位号 状态 备注
1 0442287   204422874   密集书库/ [索取号:G807.3/163] 在馆    
2 0442288   204422883   密集书库/ [索取号:G807.3/163] 在馆    
3 0447376   204473765   密集书库/ [索取号:G807.3/163] 在馆    
唐山师范学院图书馆 欢迎您!
大连网信软件有限公司© 版权所有